[Event "37th ECC Open 2022"]
[Site "Mayrhofen AUT"]
[Date "2022.10.05"]
[Round "3.12"]
[Board "3"]
[White "Hautot, Stephane"]
[Black "Levitan, Tal"]
[Result "1-0"]
[WhiteTitle "IM"]
[WhiteElo "2348"]
[BlackElo "2231"]
[WhiteTeam "Schachfreunde Wirtzfeld"]
[BlackTeam "Haifa-Nesher"]
[WhiteFideId "202282"]
[BlackFideId "2804603"]
[EventDate "2022.10.03"]

1. e4 e5 2. Nf3 Nc6 3. d4 exd4 4. Bc4 Bc5 5. Ng5 Nh6 6. Nxf7 Nxf7 7. Bxf7+ Kxf7
8. Qh5+ g6 9. Qxc5 d5 10. O-O dxe4 11. c3 Qd6 12. cxd4 Nxd4 13. Qxd6 cxd6 14.
Nc3 Re8 15. Be3 Nc6 16. Rad1 Bg4 17. Rxd6 Rad8 18. Rxd8 Rxd8 19. Nxe4 Bf5 20.
Nc3 a6 21. h3 h5 22. Na4 b5 23. Nc5 Ne5 24. Nxa6 Nd3 25. b3 Rc8 26. Rd1 Rc6 27.
Nc5 Nxc5 28. Rc1 b4 29. Rxc5 Rxc5 30. Bxc5 Bb1 31. a3 bxa3 32. Bxa3 Ke6 33. h4
Kd5 34. Be7 Bc2 35. b4 Bd3 36. f3 Ke5 37. Kf2 Kf4 38. Bd6+ Kf5 39. Ke3 Bf1 40.
g3 Ba6 41. Bc7 Bf1 42. Bd8 Ba6 43. Kd4 Be2 44. Ke3 Ba6 45. Kd4 Be2 46. f4 Ke6
47. Kc5 Bf3 48. b5 Kd7 49. Bf6 Bg2 50. Bc3 Bf3 51. Bb4 Bg2 52. Bc3 Bf3 53. Be5
Bg2 54. g4 hxg4 55. f5 Be4 56. fxg6 Bxg6 57. b6 Be4 58. h5 Kc8 59. Kd6 Kb7 60.
Bd4 1-0

[Event "37th ECC Open 2022"]
[Site "Mayrhofen AUT"]
[Date "2022.10.05"]
[Round "3.12"]
[Board "4"]
[White "Liubarov, Mark"]
[Black "Dardha, Arben"]
[Result "1-0"]
[BlackTitle "FM"]
[WhiteElo "2231"]
[BlackElo "2223"]
[WhiteTeam "Haifa-Nesher"]
[BlackTeam "Schachfreunde Wirtzfeld"]
[WhiteFideId "4142110"]
[BlackFideId "4700481"]
[EventDate "2022.10.03"]

1. d4 Nf6 2. c4 e6 3. Nf3 d5 4. g3 Bb4+ 5. Bd2 Bxd2+ 6. Nbxd2 O-O 7. Bg2 Nbd7 8.
O-O c6 9. Qc2 Qe7 10. e4 Nxe4 11. Nxe4 dxe4 12. Qxe4 c5 13. Rfd1 Rd8 14. Qe3 Re8
15. d5 Qf8 16. d6 e5 17. Ng5 e4 18. Bxe4 Nf6 19. Qd3 Nxe4 20. Nxe4 Bf5 21. Nf6+
gxf6 22. Qxf5 b6 23. Qxf6 Re6 24. Qg5+ Rg6 25. Qd5 Rd8 26. d7 Qe7 27. Rd3 Re6
28. Rad1 Kf8 29. Kg2 Qf6 30. Rf3 Qe5 31. Qxe5 Rxe5 32. Rd2 Re7 33. Rfd3 Kg7 34.
Kf3 Kf6 35. Rd6+ Kg7 36. h4 Re1 37. Re2 Rxe2 38. Kxe2 Kf8 39. Ke3 Ke7 40. Rd5
Ke6 41. g4 Ke7 42. Ke4 Ke6 43. g5 f6 44. gxf6 Kxf6 45. Rd6+ Ke7 46. Kd5 1-0

[Event "37th ECC Open 2022"]
[Site "Mayrhofen AUT"]
[Date "2022.10.05"]
[Round "3.12"]
[Board "5"]
[White "Jeitz, Christian"]
[Black "Gov, Guy"]
[Result "1-0"]
[WhiteElo "2201"]
[BlackElo "2121"]
[WhiteTeam "Schachfreunde Wirtzfeld"]
[BlackTeam "Haifa-Nesher"]
[WhiteFideId "4000803"]
[BlackFideId "2820200"]
[EventDate "2022.10.03"]

1. e4 e5 2. Nf3 Nc6 3. Bb5 a6 4. Ba4 Nf6 5. O-O Nxe4 6. Re1 Nc5 7. Bxc6 dxc6 8.
Nxe5 Be7 9. d4 Ne6 10. c3 O-O 11. Be3 f6 12. Nc4 Qd5 13. Qb3 Kh8 14. Nbd2 Bd7
15. Nf3 Rae8 16. Ncd2 Qh5 17. Nf1 g5 18. Qxb7 g4 19. N3d2 Rb8 20. Qxa6 f5 21. f4
gxf3 22. Nxf3 f4 23. Bd2 Rb5 24. c4 Rbf5 25. Bc3 Kg8 26. c5 R8f6 27. Qd3 Rh6 28.
Re5 Rxe5 29. Nxe5 Be8 30. Re1 Ng5 31. Nf3 Bg6 32. Qe2 Bf6 33. a4 Ne4 34. a5 Bh4
35. Nxh4 Qxh4 36. a6 Ng3 37. hxg3 fxg3 38. Qe6+ Bf7 39. Qh3 Qf6 40. Qxg3+ Rg6
41. Qf2 1-0

[Event "37th ECC Open 2022"]
[Site "Mayrhofen AUT"]
[Date "2022.10.05"]
[Round "3.12"]
[Board "6"]
[White "Gruzman, Ilya"]
[Black "Schulze, Marc"]
[Result "1-0"]
[WhiteElo "2086"]
[BlackElo "2200"]
[WhiteTeam "Haifa-Nesher"]
[BlackTeam "Schachfreunde Wirtzfeld"]
[WhiteFideId "2812703"]
[BlackFideId "1271126"]
[EventDate "2022.10.03"]

1. e4 c5 2. Nf3 g6 3. d4 cxd4 4. Qxd4 Nf6 5. e5 Nc6 6. Qa4 Nd5 7. Qb3 Nc7 8. Ng5
Ne6 9. Nxe6 dxe6 10. f4 Qd5 11. Nc3 Qxb3 12. axb3 f6 13. Nb5 Kf7 14. Bc4 a6 15.
Be3 Bh6 16. Nc7 Rb8 17. O-O Nxe5 18. Ba7 Nxc4 19. bxc4 Bd7 20. Bxb8 Rxb8 21.
Rad1 Bc6 22. Rfe1 Bxf4 23. Nxe6 Bd6 24. c5 Be5 25. Rd8 Rxd8 26. Nxd8+ Ke8 27.
Nxc6 bxc6 28. c3 a5 29. Ra1 Bc7 30. Kf2 Kd7 31. Rd1+ Ke8 32. b4 axb4 33. cxb4 h5
34. h3 e5 35. Ra1 f5 36. Ra8+ 1-0

[Event "37th ECC Open 2022"]
[Site "Mayrhofen AUT"]
[Date "2022.10.06"]
[Round "4.1"]
[Board "2"]
[White "Kryvoruchko, Yuriy"]
[Black "Rapport, Richard"]
[Result "1/2-1/2"]
[WhiteTitle "GM"]
[BlackTitle "GM"]
[WhiteElo "2658"]
[BlackElo "2754"]
[WhiteTeam "Schachclub Viernheim 1934e.V."]
[BlackTeam "CSU ASE Superbet"]
[WhiteFideId "14109182"]
[BlackFideId "738590"]
[EventDate "2022.10.03"]

1. e4 c5 2. Nf3 Nc6 3. Bb5 Nf6 4. Nc3 Qc7 5. O-O Nd4 6. Re1 a6 7. Bf1 e5 8. Nd5
Nxf3+ 9. Qxf3 Nxd5 10. exd5 d6 11. c3 Be7 12. d4 O-O 13. Qg3 Bf6 14. h4 cxd4 15.
cxd4 Qb6 16. dxe5 Bxe5 17. Bf4 f6 18. Rac1 Bf5 19. b3 Rac8 20. Bxe5 fxe5 21.
Rxc8 Rxc8 22. Qg5 Rf8 23. Qd2 Rc8 24. Qg5 Rf8 25. Qd2 Rc8 1/2-1/2

[Event "37th ECC Open 2022"]
[Site "Mayrhofen AUT"]
[Date "2022.10.06"]
[Round "4.1"]
[Board "3"]
[White "Deac, Bogdan-Daniel"]
[Black "Kuzubov, Yuriy"]
[Result "1/2-1/2"]
[WhiteTitle "GM"]
[BlackTitle "GM"]
[WhiteElo "2707"]
[BlackElo "2612"]
[WhiteTeam "CSU ASE Superbet"]
[BlackTeam "Schachclub Viernheim 1934e.V."]
[WhiteFideId "1226380"]
[BlackFideId "14112906"]
[EventDate "2022.10.03"]

1. d4 Nf6 2. c4 e6 3. Nc3 d5 4. Nf3 Be7 5. g3 O-O 6. Bg2 dxc4 7. Ne5 c5 8. dxc5
Qxd1+ 9. Nxd1 Bxc5 10. Nxc4 Nc6 11. Nc3 Rd8 12. Be3 Bxe3 13. Nxe3 Bd7 14. O-O-O
Rac8 15. Kb1 Na5 16. h3 Kf8 17. g4 Bc6 18. Rxd8+ Rxd8 19. Rd1 Rxd1+ 20. Ncxd1
Bxg2 21. Nxg2 Ke7 22. Kc2 Nc6 23. Nc3 h6 24. Kd2 Ne8 25. b3 Nd6 26. Nf4 b6 27.
f3 f5 28. Ke3 Kf7 29. Kf2 Ke7 30. e3 Ne5 1/2-1/2

[Event "37th ECC Open 2022"]
[Site "Mayrhofen AUT"]
[Date "2022.10.06"]
[Round "4.1"]
[Board "4"]
[White "Fedorchuk, Sergey A."]
[Black "Gukesh, D"]
[Result "1-0"]
[WhiteTitle "GM"]
[BlackTitle "GM"]
[WhiteElo "2619"]
[BlackElo "2732"]
[WhiteTeam "Schachclub Viernheim 1934e.V."]
[BlackTeam "CSU ASE Superbet"]
[WhiteFideId "14102536"]
[BlackFideId "46616543"]
[EventDate "2022.10.03"]

1. e4 c5 2. Nf3 Nc6 3. Bb5 e6 4. O-O Nge7 5. d4 cxd4 6. Nxd4 Ng6 7. Be2 Be7 8.
c4 O-O 9. Nc3 b6 10. Ndb5 a6 11. Nd6 Qc7 12. Nxc8 Raxc8 13. Be3 Bc5 14. Qd2 Nce5
15. Na4 Bxe3 16. Qxe3 Rb8 17. Rac1 Nc6 18. g3 Nge7 19. Rfd1 e5 20. Qa3 Rfe8 21.
Qd6 Qxd6 22. Rxd6 Red8 23. Bg4 Nc8 24. Rxd7 Rxd7 25. Bxd7 Nd4 26. Kg2 Nd6 27.
Nxb6 Nxe4 28. c5 Kf8 29. b4 Ke7 30. Re1 1-0

[Event "37th ECC Open 2022"]
[Site "Mayrhofen AUT"]
[Date "2022.10.06"]
[Round "4.1"]
[Board "5"]
[White "Sargissian, Gabriel"]
[Black "Wagner, Dennis"]
[Result "1/2-1/2"]
[WhiteTitle "GM"]
[BlackTitle "GM"]
[WhiteElo "2711"]
[BlackElo "2570"]
[WhiteTeam "CSU ASE Superbet"]
[BlackTeam "Schachclub Viernheim 1934e.V."]
[WhiteFideId "13300881"]
[BlackFideId "24650684"]
[EventDate "2022.10.03"]

1. d4 Nf6 2. c4 g6 3. Nc3 d5 4. cxd5 Nxd5 5. e4 Nxc3 6. bxc3 Bg7 7. Qa4+ Qd7 8.
Qa3 b6 9. Nf3 O-O 10. Be3 Bb7 11. Bd3 Qd6 12. Qa4 c5 13. O-O Nc6 14. Rad1 cxd4
15. cxd4 e6 16. h4 Rfc8 17. Rb1 Nxd4 18. Bxd4 e5 19. Ba6 Bxa6 20. Bxe5 Bxe5 21.
Qxa6 Bf6 22. Rbc1 Rxc1 23. Rxc1 Qf4 24. Rc8+ Rxc8 25. Qxc8+ Kg7 26. Qb7 Bxh4 27.
Nxh4 Qxh4 28. Qxa7 Qxe4 29. Qxb6 Qe1+ 30. Kh2 Qe5+ 31. g3 Qh5+ 32. Kg1 Qd1+ 33.
Kh2 Qh5+ 34. Kg1 Qd1+ 35. Kh2 Qh5+ 1/2-1/2

[Event "37th ECC Open 2022"]
[Site "Mayrhofen AUT"]
[Date "2022.10.06"]
[Round "4.1"]
[Board "6"]
[White "Maze, Sebastien"]
[Black "Lupulescu, Constantin"]
[Result "1/2-1/2"]
[WhiteTitle "GM"]
[BlackTitle "GM"]
[WhiteElo "2530"]
[BlackElo "2603"]
[WhiteTeam "Schachclub Viernheim 1934e.V."]
[BlackTeam "CSU ASE Superbet"]
[WhiteFideId "613762"]
[BlackFideId "1207822"]
[EventDate "2022.10.03"]

1. e4 c5 2. Nf3 e6 3. Nc3 Nc6 4. Bb5 Nd4 5. O-O a6 6. Bd3 Nc6 7. b3 d6 8. Bb2
Be7 9. Re1 Bf6 10. Na4 b5 11. Bxf6 Nxf6 12. Nc3 e5 13. a4 b4 14. Ne2 h5 15. Bc4
Na5 16. d3 h4 17. h3 Nxc4 18. bxc4 a5 19. Nh2 g5 20. f3 Nh5 21. Ng4 Kf8 22. Nc1
Bd7 23. Nb3 Kg7 24. Ra2 Qe7 25. Nd2 Nf4 26. Nf1 Rhb8 27. Nfe3 Kg6 28. Qb1 Rb6
29. Qb3 Rab8 30. Raa1 Qe8 31. Ra2 R6b7 32. Raa1 Rb6 33. Ra2 R6b7 34. Raa1 Ne6
35. Nf5 Nd4 36. Nxd4 cxd4 37. Kh2 Rc7 38. Rg1 Qe7 39. Rge1 Rcb7 40. Re2 Kg7 41.
Rae1 Kg6 42. Kg1 Kg7 43. Kh2 Kf8 44. Kg1 Ke8 45. Ra1 Kd8 46. Kf1 Kc7 47. Ke1 Kb6
48. Kd2 Rc7 49. Ke1 Rbc8 50. Kf2 f5 51. exf5 Bxf5 52. Kg1 Bxg4 53. fxg4 Rf8 54.
Rf1 Rf4 55. Rxf4 gxf4 56. Qb1 Qe8 57. Qa1 Kc5 58. Re4 Qc6 59. Kf2 Qb6 60. Qe1 b3
61. cxb3 Qb4 62. Qd1 Rb7 63. Qf3 Rb8 64. g5 Qxb3 65. g6 Qb7 66. Qh5 Qb1 1/2-1/2

[Event "37th ECC Open 2022"]
[Site "Mayrhofen AUT"]
[Date "2022.10.06"]
[Round "4.2"]
[Board "2"]
[White "Vidit, Santosh Gujrathi"]
[Black "Tari, Aryan"]
[Result "1-0"]
[WhiteTitle "GM"]
[BlackTitle "GM"]
[WhiteElo "2710"]
[BlackElo "2656"]
[WhiteTeam "Novy Bor Chess club"]
[BlackTeam "Offerspill Chess Club"]
[WhiteFideId "5029465"]
[BlackFideId "1510045"]
[EventDate "2022.10.03"]

1. e4 e5 2. Nf3 Nc6 3. d4 exd4 4. Nxd4 Nf6 5. Nxc6 bxc6 6. Nd2 d5 7. exd5 cxd5
8. Bb5+ Bd7 9. Bxd7+ Qxd7 10. O-O Be7 11. b3 O-O 12. Bb2 a5 13. a4 Qf5 14. Re1
Bc5 15. Nf3 Ne4 16. Re2 Rfe8 17. Qd3 c6 18. Rae1 h6 19. Nd4 Qd7 20. f3 Nd6 21.
Rxe8+ Rxe8 22. Rxe8+ Qxe8 23. Kf1 Qc8 24. Qc3 Bxd4 25. Qxd4 Nf5 26. Qd3 c5 27.
Bc3 c4 28. bxc4 dxc4 29. Qe4 Qd7 30. Ke2 Nd6 31. Qa8+ Kh7 32. Qxa5 Qe6+ 33. Qe5
Qg6 34. Kd1 Nc8 35. Qg3 1-0

[Event "37th ECC Open 2022"]
[Site "Mayrhofen AUT"]
[Date "2022.10.06"]
[Round "4.2"]
[Board "4"]
[White "Navara, David"]
[Black "Christiansen, Johan-Sebastian"]
[Result "1/2-1/2"]
[WhiteTitle "GM"]
[BlackTitle "GM"]
[WhiteElo "2676"]
[BlackElo "2576"]
[WhiteTeam "Novy Bor Chess club"]
[BlackTeam "Offerspill Chess Club"]
[WhiteFideId "309095"]
[BlackFideId "1512668"]
[EventDate "2022.10.03"]

1. d4 Nf6 2. c4 e6 3. Nf3 d5 4. Nc3 dxc4 5. e4 Bb4 6. Bxc4 Nxe4 7. O-O Nf6 8.
Qa4+ Nc6 9. Ne5 Rb8 10. d5 exd5 11. Nxd5 Nxd5 12. Nxc6 bxc6 13. Qxc6+ Qd7 14.
Qxd5 O-O 15. Qxd7 Bxd7 16. Rd1 Bd6 17. b3 a5 18. Ba3 Bxa3 19. Rxd7 Bd6 20. Rd1
Rbe8 21. g3 Re5 22. f4 Rc5 23. a4 g6 24. Kg2 Kg7 25. h4 Kf6 26. Re1 h6 27. Kh3
Kg7 28. Kg4 Rf5 29. Re6 h5+ 30. Kh3 Kh6 31. Re3 Kg7 32. Kg2 Rb8 33. Rd3 Re8 34.
Kf3 Kf8 35. Rd5 Rxd5 36. Bxd5 Re7 37. Rxe7 Kxe7 1/2-1/2

[Event "37th ECC Open 2022"]
[Site "Mayrhofen AUT"]
[Date "2022.10.06"]
[Round "4.2"]
[Board "5"]
[White "Urkedal, Frode Olav Olsen"]
[Black "Grandelius, Nils"]
[Result "1/2-1/2"]
[WhiteTitle "GM"]
[BlackTitle "GM"]
[WhiteElo "2523"]
[BlackElo "2651"]
[WhiteTeam "Offerspill Chess Club"]
[BlackTeam "Novy Bor Chess club"]
[WhiteFideId "1506102"]
[BlackFideId "1710400"]
[EventDate "2022.10.03"]

1. d4 d5 2. c4 c6 3. Nf3 Nf6 4. Nc3 dxc4 5. a4 Bf5 6. e3 e6 7. Bxc4 Bb4 8. O-O
O-O 9. Qe2 Bg6 10. Ne5 Nbd7 11. Nxg6 hxg6 12. Rd1 Qe7 13. Bd2 Rad8 14. a5 e5 15.
d5 e4 16. a6 cxd5 17. Nxd5 Nxd5 18. Bxd5 Bxd2 19. Rxd2 bxa6 20. Rad1 Nb6 21.
Qxa6 Rxd5 22. Rxd5 Nxd5 23. Rxd5 Rd8 24. Rxd8+ Qxd8 25. h3 Qe7 26. Qc4 Kh7 27.
b4 f5 28. Qc5 Qd7 29. b5 Qd1+ 30. Kh2 Qf1 31. Kg3 Qe2 32. Qxa7 1/2-1/2

[Event "37th ECC Open 2022"]
[Site "Mayrhofen AUT"]
[Date "2022.10.06"]
[Round "4.2"]
[Board "6"]
[White "Ragger, Markus"]
[Black "Haug, Johannes"]
[Result "1-0"]
[WhiteTitle "GM"]
[BlackTitle "IM"]
[WhiteElo "2632"]
[BlackElo "2478"]
[WhiteTeam "Novy Bor Chess club"]
[BlackTeam "Offerspill Chess Club"]
[WhiteFideId "1610856"]
[BlackFideId "1509268"]
[EventDate "2022.10.03"]

1. e4 e5 2. Nf3 Nc6 3. Bb5 a6 4. Ba4 d6 5. O-O Bd7 6. c4 Nf6 7. Nc3 Nd4 8. Bxd7+
Qxd7 9. Nxd4 exd4 10. Ne2 Nxe4 11. Nxd4 Ng5 12. d3 Ne6 13. Re1 O-O-O 14. Nxe6
fxe6 15. b4 Be7 16. Rb1 b6 17. Qe2 e5 18. d4 h5 19. Bb2 Qa4 20. b5 axb5 21. cxb5
Bf6 22. Rbc1 exd4 23. Rc4 Qxa2 24. Qc2 c5 25. bxc6 d3 26. Qxd3 Qxb2 27. Rc2 Qxc2
28. Qa6+ Kc7 29. Qb7# 1-0

[Event "37th ECC Open 2022"]
[Site "Mayrhofen AUT"]
[Date "2022.10.06"]
[Round "4.3"]
[Board "2"]
[White "Saric, Ivan"]
[Black "Santos Latasa, Jaime"]
[Result "1-0"]
[WhiteTitle "GM"]
[BlackTitle "GM"]
[WhiteElo "2668"]
[BlackElo "2677"]
[WhiteTeam "TAJFUN - SK Ljubljana"]
[BlackTeam "Silla - València Origin of Chess"]
[WhiteFideId "14508150"]
[BlackFideId "2293307"]
[EventDate "2022.10.03"]

1. e4 e5 2. Nf3 Nc6 3. Bb5 a6 4. Ba4 Nf6 5. O-O Nxe4 6. d4 b5 7. Bb3 d5 8. dxe5
Be6 9. c3 Be7 10. Nbd2 Nc5 11. Bc2 d4 12. Nb3 d3 13. Bb1 Nxb3 14. axb3 Bf5 15.
Re1 O-O 16. b4 Qd7 17. Bf4 Rfd8 18. h3 Kh8 19. Re3 a5 20. bxa5 Bc5 21. Re1 b4
22. a6 bxc3 23. bxc3 h6 24. Qd2 Kg8 25. Be3 Qe7 26. Ba2 Be6 27. Bxe6 fxe6 28.
Bxh6 gxh6 29. Qxh6 Qf7 30. Re4 Bf8 31. Rg4+ Bg7 32. Rxg7+ Qxg7 33. Qxe6+ Kh8 34.
Qxc6 Rg8 35. g3 Qg6 36. e6 Rae8 37. a7 Rxe6 38. Qd5 Ra6 39. Qd4+ Kh7 40. Ng5+
Qxg5 41. Rxa6 1-0

[Event "37th ECC Open 2022"]
[Site "Mayrhofen AUT"]
[Date "2022.10.06"]
[Round "4.3"]
[Board "3"]
[White "Idani, Pouya"]
[Black "Nihal, Sarin"]
[Result "1/2-1/2"]
[WhiteTitle "GM"]
[BlackTitle "GM"]
[WhiteElo "2623"]
[BlackElo "2673"]
[WhiteTeam "Silla - València Origin of Chess"]
[BlackTeam "TAJFUN - SK Ljubljana"]
[WhiteFideId "12510130"]
[BlackFideId "25092340"]
[EventDate "2022.10.03"]

1. e4 e5 2. Nf3 Nc6 3. Bb5 a6 4. Ba4 Nf6 5. O-O Be7 6. Re1 b5 7. Bb3 O-O 8. a4
Bb7 9. d3 d6 10. Nbd2 Nd7 11. c3 Nc5 12. axb5 axb5 13. Rxa8 Qxa8 14. Bc2 b4 15.
d4 bxc3 16. bxc3 Nd7 17. Nf1 Qa1 18. Bd2 Qxd1 19. Rxd1 Bf6 20. Be3 Ra8 21. Rb1
Nd8 22. N1d2 d5 23. exd5 exd4 24. Nxd4 Bxd5 25. c4 Ne6 26. Nb5 Bc6 27. Na7 Ne5
28. Nxc6 Nxc6 29. Be4 Ra6 30. Nf3 g6 31. g3 Ncd4 32. Rb7 Nxf3+ 33. Bxf3 Bg5 34.
Ra7 Rxa7 35. Bxa7 1/2-1/2

[Event "37th ECC Open 2022"]
[Site "Mayrhofen AUT"]
[Date "2022.10.06"]
[Round "4.3"]
[Board "4"]
[White "Volokitin, Andrei"]
[Black "Alonso Rosell, Alvar"]
[Result "1-0"]
[WhiteTitle "GM"]
[BlackTitle "GM"]
[WhiteElo "2645"]
[BlackElo "2563"]
[WhiteTeam "TAJFUN - SK Ljubljana"]
[BlackTeam "Silla - València Origin of Chess"]
[WhiteFideId "14107090"]
[BlackFideId "2270544"]
[EventDate "2022.10.03"]

1. e4 e5 2. Nf3 Nc6 3. Bc4 Nf6 4. d3 Bc5 5. O-O a6 6. c3 Ba7 7. Re1 d6 8. a4 h6
9. Nbd2 g5 10. b4 Nh7 11. Kh1 O-O 12. Rf1 Qf6 13. Bb3 Bg4 14. Qc2 Ne7 15. d4 Ng6
16. Bb2 Rad8 17. Ng1 Qg7 18. Nc4 Nf6 19. Ne3 Bc8 20. Ne2 h5 21. Ng3 Ne7 22. Rad1
h4 23. Ngf5 Nxf5 24. Nxf5 Bxf5 25. exf5 e4 26. c4 Rfe8 27. d5 Qh6 28. a5 e3 29.
fxe3 Ng4 30. e4 h3 31. g3 Ne3 32. Qd3 Qh5 33. c5 Nxf1 34. Rxf1 Qg4 35. Bc2 c6
36. cxd6 Rxd6 37. f6 Qh5 38. Rf5 Qg4 39. e5 Kf8 40. Qe4 Qxe4+ 41. Bxe4 cxd5 42.
Bd3 Rc6 43. b5 axb5 44. Rxg5 Ree6 45. Rh5 Ke8 46. Rxh3 d4 47. Rh8+ Kd7 48. Rf8
Rxe5 49. Rxf7+ Ke6 50. Rxb7 Re3 51. f7 Rc8 52. Bxb5 Rc2 53. f8=Q 1-0

[Event "37th ECC Open 2022"]
[Site "Mayrhofen AUT"]
[Date "2022.10.06"]
[Round "4.3"]
[Board "5"]
[White "Forcen Esteban, Daniel"]
[Black "Predojevic, Borki"]
[Result "1-0"]
[WhiteTitle "GM"]
[BlackTitle "GM"]
[WhiteElo "2566"]
[BlackElo "2584"]
[WhiteTeam "Silla - València Origin of Chess"]
[BlackTeam "TAJFUN - SK Ljubljana"]
[WhiteFideId "2288230"]
[BlackFideId "930849"]
[EventDate "2022.10.03"]

1. c4 e6 2. Nf3 Nf6 3. b3 d5 4. Bb2 c5 5. e3 Nc6 6. cxd5 exd5 7. Bb5 Bd6 8. O-O
O-O 9. d4 cxd4 10. Nxd4 Bc7 11. Nf3 Re8 12. Nbd2 a6 13. Bxc6 bxc6 14. Rc1 Bd7
15. Qc2 a5 16. Rfe1 Ne4 17. Nxe4 Rxe4 18. Nd2 Rg4 19. f4 Qh4 20. Nf3 Qh5 21. Be5
Bb6 22. Kh1 Rg6 23. e4 dxe4 24. Qxe4 Re8 25. Qd3 Bf5 26. Bd4 Rd8 27. Qe3 Re6 28.
Qf2 Bxd4 29. Nxd4 Rxe1+ 30. Qxe1 Bd3 31. Nxc6 Rf8 32. Nxa5 Qf5 33. Qe5 Qg4 34.
Nc6 h6 35. h3 Qg3 36. Rc3 Qf2 37. Qd4 Qe1+ 38. Kh2 Bg6 39. Re3 Qc1 40. Ne7+ Kh7
41. Nxg6 fxg6 42. Re7 Qxf4+ 43. Qxf4 Rxf4 44. Rb7 Rf2 45. a4 Ra2 46. Rb5 g5 47.
a5 Kg6 48. b4 Kh5 49. Rb6 Kh4 50. a6 h5 51. b5 g4 52. Rg6 gxh3 53. b6 hxg2 54.
b7 1-0

[Event "37th ECC Open 2022"]
[Site "Mayrhofen AUT"]
[Date "2022.10.06"]
[Round "4.3"]
[Board "6"]
[White "Markus, Robert"]
[Black "Bernadskiy, Vitaliy"]
[Result "1/2-1/2"]
[WhiteTitle "GM"]
[BlackTitle "GM"]
[WhiteElo "2615"]
[BlackElo "2570"]
[WhiteTeam "TAJFUN - SK Ljubljana"]
[BlackTeam "Silla - València Origin of Chess"]
[WhiteFideId "921637"]
[BlackFideId "14100371"]
[EventDate "2022.10.03"]

1. d4 Nf6 2. c4 e6 3. Nf3 d5 4. g3 Be7 5. Bg2 O-O 6. O-O dxc4 7. Qc2 a6 8. a4
Bd7 9. Qxc4 Bc6 10. Bf4 Nbd7 11. Qc1 Rc8 12. Nc3 Nd5 13. Rd1 N7f6 14. Bg5 h6 15.
Bxf6 Nxf6 16. Qc2 Bb4 17. a5 Qe7 18. Qb3 Rfd8 19. e3 Bd6 20. Rac1 Bb4 21. Na2
Bd6 22. Nc3 Bb4 23. Na2 Bd6 24. Nc3 Bb4 25. Na2 1/2-1/2

[Event "37th ECC Open 2022"]
[Site "Mayrhofen AUT"]
[Date "2022.10.06"]
[Round "4.4"]
[Board "1"]
[White "Vachier-Lagrave, Maxime"]
[Black "Can, Emre"]
[Result "1/2-1/2"]
[WhiteTitle "GM"]
[BlackTitle "GM"]
[WhiteElo "2747"]
[BlackElo "2592"]
[WhiteTeam "Asnieres Le Grand Echiquier"]
[BlackTeam "Gokturk Satranc Spor Kulubu"]
[WhiteFideId "623539"]
[BlackFideId "6302181"]
[EventDate "2022.10.03"]

1. e4 c5 2. Nf3 d6 3. d4 cxd4 4. Nxd4 Nf6 5. Nc3 a6 6. Be3 e5 7. Nb3 Be6 8. f3
h5 9. Qd2 Nbd7 10. Nd5 Bxd5 11. exd5 Be7 12. O-O-O b6 13. Kb1 Nc5 14. Bxc5 bxc5
15. Na5 Nd7 16. Nc6 Qc7 17. Bd3 Bf6 18. g4 g6 19. Rhg1 Kf8 20. gxh5 Rxh5 21. f4
e4 22. Bxe4 Nb6 23. c3 Re8 24. Qc2 Nc4 25. Qd3 Na3+ 26. bxa3 Qb6+ 27. Kc2 c4 28.
Qxc4 Qf2+ 29. Kb3 Rxh2 30. Ka4 Rh3 31. Rgf1 Qb2 32. Bd3 Ree3 33. Rb1 Qg2 34. Rg1
Qf2 35. Rgf1 Qg2 36. Nb4 Rxd3 37. Nxd3 Qc2+ 38. Rb3 Rxd3 39. Qc8+ Kg7 40. Rh1
Rd4+ 41. Ka5 Rxd5+ 42. Kxa6 Rh5 43. Rxh5 gxh5 44. c4 h4 45. Qg4+ Kh6 46. f5 Qxa2
47. Rd3 Kh7 48. Qe4 Qc2 49. Kb5 Qb1+ 50. Ka6 Qb8 51. Qc6 Be5 52. c5 dxc5 53. Rd7
Kg8 54. Qd5 Qc8+ 55. Kb6 Qb8+ 56. Kxc5 Qf8+ 57. Kc4 Bf6 58. Qg2+ Kh8 59. Qc6 Kg7
60. Rd3 Qb8 61. Qg2+ Kh6 62. Qe4 Kg5 63. a4 Qc8+ 64. Kb3 Qc5 65. Qg2+ Kh5 66.
Qf3+ Kg5 67. Rd2 Be5 68. Rd5 Qb6+ 69. Rb5 Qd4 70. Qg2+ Kxf5 71. Qc2+ Kg5 72. a5
h3 73. a6 f6 74. Rb7 Qd5+ 75. Ka4 Qd4+ 76. Kb5 Qd5+ 77. Ka4 Qd4+ 78. Kb5 Qd5+
79. Ka4 1/2-1/2

[Event "37th ECC Open 2022"]
[Site "Mayrhofen AUT"]
[Date "2022.10.06"]
[Round "4.4"]
[Board "2"]
[White "Sanal, Vahap"]
[Black "Esipenko, Andrey"]
[Result "1/2-1/2"]
[WhiteTitle "GM"]
[BlackTitle "GM"]
[WhiteElo "2595"]
[BlackElo "2668"]
[WhiteTeam "Gokturk Satranc Spor Kulubu"]
[BlackTeam "Asnieres Le Grand Echiquier"]
[WhiteFideId "6300545"]
[BlackFideId "24175439"]
[EventDate "2022.10.03"]

1. e4 e5 2. Nf3 Nc6 3. Nc3 Nf6 4. d4 exd4 5. Nxd4 Bb4 6. Nxc6 bxc6 7. Bd3 d5 8.
exd5 O-O 9. O-O Bg4 10. Ne2 cxd5 11. h3 Bh5 12. c3 Be7 13. Qc2 Bg6 14. Nf4 Bxd3
15. Nxd3 c6 16. Be3 Qa5 17. Rfe1 Ne4 18. Bd4 Rfe8 19. b4 Qa6 20. Re2 Bf8 21.
Rae1 Red8 22. a4 Qb7 23. f3 Nd6 24. Nc5 Qc8 25. g4 a5 26. Kg2 Nb7 27. Nd3 c5 28.
bxc5 Nxc5 29. Nf4 Qc6 30. Qf5 Nb3 31. Re7 Nxd4 32. Qxf7+ Kh8 33. Rc7 Qxa4 34.
cxd4 Qxd4 35. Re2 Qf6 36. Qxf6 gxf6 37. Rf7 Kg8 38. Rxf6 a4 39. Ra2 a3 40. Rf5
Rab8 41. Rg5+ Kf7 42. Rf5+ Kg8 43. Rg5+ Kh8 44. Rxd5 Rxd5 45. Nxd5 Rb5 46. Nc3
Rb3 47. Rc2 Bg7 48. Nb5 Be5 49. Nxa3 Rxa3 50. Re2 Bd6 51. h4 Kg7 52. g5 Kf7 53.
Re4 Rd3 54. h5 Rd5 55. f4 h6 56. gxh6 Rxh5 57. Kf3 Rxh6 58. Ra4 Ke6 59. Kg4 Rg6+
60. Kf3 Rg1 61. Ra2 Rc1 62. Kg4 Rf1 63. Ra4 Rg1+ 64. Kf3 Kd5 65. Ra5+ Kd4 66.
Ra4+ Kd3 67. Ra5 Kd4 68. Ra4+ Kd5 69. Ra5+ Bc5 70. Ra4 Re1 71. Ra5 Kd4 72. Ra8
Rf1+ 73. Kg4 Bd6 74. Ra4+ Ke3 75. Kf5 Rc1 76. Ra6 Rc5+ 77. Kg4 Rd5 78. Ra4 Rd1
79. Rc4 Rd3 80. f5 Be5 81. Kg5 Rd6 82. Rc1 Kf3 83. Rf1+ Ke2 84. Rb1 Bf6+ 85. Kh5
Bd4 86. Kg4 Rd8 87. Rb3 Rg8+ 88. Kf4 Kd2 89. Rh3 Bf6 90. Rg3 Rb8 91. Rg6 Rb4+
92. Kf3 Be5 93. Rg4 Rb5 94. Ke4 Kc3 95. Rg6 Rc5 96. Re6 Bd4 97. f6 Bxf6 98. Rxf6 1/2-1/2